000 02696cam a22004334a 4500
001 7701589
003 OSt
005 20150408114149.0
008 090707s2010 nyua b 001 0 eng
015 _aGBA968919
_2bnb
016 7 _a101513579
_2DNLM
016 7 _a015326223
_2Uk
020 _a9780071603997 (pbk. : alk. paper)
020 _a9780071638531
020 _a0071603999 (pbk. : alk. paper)
035 _a(OCoLC)ocn435703701
035 _a(OCoLC)435703701
_z(OCoLC)426117569
035 _a(NNC)7701589
040 _aNLM
_cNLM
_dUKM
_dBWX
_dSMV
_dEMM
_dAU@
_dYDXCP
_dOrLoB-B
042 _apcc
060 0 0 _a2009 I-407
060 1 0 _aWL 101
_bW356c 2010
082 0 4 _a611.8
_222
_bWSC
090 _aQM451
_b.W39 2010
100 1 _aWaxman, Stephen G.
_939335
245 1 0 _aClinical neuroanatomy /
_cStephen G. Waxman.
250 _a26th ed.
260 _aNew York :
_bMcGraw-Hill Medical,
_cc2010.
300 _axi, 371 p. :
_bcol. ill. ;
_c28 cm.
490 1 _aA Lange medical book
504 _aIncludes bibliographical references and index.
505 0 0 _gSect. I.
_tBasic Principles --
_g1.
_tFundamentals of the Nervous System --
_g2.
_tDevelopment and Cellular Constituents of the Nervous System --
_g3.
_tSignaling in the Nervous System --
_gSect. II.
_tIntroduction to Clinical Thinking --
_g4.
_tThe Relationship Between Neuroanatomy and Neurology --
_gSect. III.
_tSpinal Cord and Spine --
_g5.
_tThe Spinal Cord --
_g6.
_tThe Vertebral Column and Other Structures Surrounding the Spinal Cord --
_gSect. IV.
_tAnatomy of the Brain --
_g7.
_tThe Brain Stem and Cerebellum --
_g8.
_tCranial Nerves and Pathways --
_g9.
_tDiencephalon --
_g10.
_tCerebral Hemispheres/Telencephalon --
_g11.
_tVentricles and Coverings of the Brain --
_g12.
_tVascular Supply of the Brain --
_gSect. V.
_tFunctional Systems --
_g13.
_tControl of Movement --
_g14.
_tSomatosensory Systems --
_g15.
_tThe Visual System --
_g16.
_tThe Auditory System --
_g17.
_tThe Vestibular System --
_g18.
_tThe Reticular Formation --
_g19.
_tThe Limbic System --
_g20.
_tThe Autonomic Nervous System --
_g21.
_tHigher Cortical Functions --
_gSect. VI.
_tDiagnostic Aids --
_g22.
_tImaging of the Brain --
_g23.
_tElectrodiagnostic Tests --
_g24.
_tCerebrospinal Fluid Examination --
_gSect. VII.
_tDiscussion of Cases --
_g25.
_tDiscussion of Cases --
_gApp. A.
_tThe Neurologic Examination --
_gApp. B.
_tTesting Muscle Function --
_gApp. C.
_tSpinal Nerves and Plexuses --
_gApp. D.
_tQuestions and Answers.
650 0 _aNeuroanatomy.
650 1 2 _aNervous System
_xanatomy & histology.
650 2 2 _aNervous System Diseases
_xdiagnosis.
_913809
830 0 _aLange medical book.
_938780
900 _bTOC
942 _2ddc
_cDVD
999 _c31847
_d266347